000 00379nam a2200169Ia 4500
100 _aNELSON/JONES RICHARD
650 _aPHILOPSOPHY
942 _cBK
366 _f25
654 _aHUMAN RELATIONSHIP
245 _aHUMAN RELATIONSHIP SKILLS.
260 _bBETTER YOURSELF BOOK
_aBandra
_c1997
082 _a170/NEL
_bNEL
300 _a310
546 _aENGLISH
999 _c29567
_d29567